00767nam a2200229Ia 4500008004100000020001800041050001300059050001600072245001300088245004400101245004900145260001800194260004400212260000900256300002100265300001100286650005300297650002800350700002600378999001900404952011400423160319s9999 xx 000 0 und d a9789715420037 a899.2113 b.C271s 2007 aSigwa :  bisang antolohiya ng maikling kuwento /  cpamatnugutan, Mila Carreon-Laurel ... et al. aQuezon City : bThe University of the Philippines Press c2007 axxx, 280 pages : c18 cm. aPhilippines -- History -- Revolution, 1896-1898. aShort Stories, Filipino aLaurel, Mila Carreon. c292375d292375 001040aSSISBbSSISBcFILd2016-03-19l0o899.2113 .C271s 2007pUS-2022r2016-03-19 00:00:00w2016-03-19yBK